Größte Stadt beginnend mit O in Diesem Land - Statistiken

Allgemein
  • Dieses Quiz wurde 279 mal gespielt
  • Das Durchschnittsergebnis liegt bei 9 aus 18
Antwortstatistiken
Land O-Stadt % Korrekt
Norwegen Oslo
99%
Kanada Ottawa
91%
Japan Osaka
86%
Ukraine Odessa
76%
Deutschland Oberhausen
64%
Russland Omsk
61%
Algerien Oran
59%
Frankreich Orleans
59%
Dänemark Odense
53%
Vereinigte Staaten Oklahoma City
49%
Vereinigtes Königreich Oxford
48%
Finnland Oulu
45%
Tschechien Ostrau
35%
Spanien Oviedo
29%
Polen Oppeln
18%
Sudan Omdurman
7%
Türkei Osmaniye
1%
Brasilien Osasco
0%
Keine übereinstimmenden Quizze gefunden
Verteilung der Resultate
Anzahl Personen mit jedem Resultat
Perzentil nach korrekt beantworteten Fragen
Ihre Resultats-Entwicklung
Sie haben dieses Quiz noch nicht gespielt